[Event "Brno Veletrh"]
[Site "?"]
[Date "2024.09.01"]
[Round "2"]
[White "Wunsch, Radek"]
[Black "Klinkovsky, Vojtech"]
[Result "1/2-1/2"]
[WhiteElo "1956"]
[BlackElo "1699"]
[PlyCount "48"]
[GameId "509062390055"]
[EventDate "2024.09.??"]

1. e4 d5 2. exd5 Nf6 3. d4 Bg4 4. f3 Bf5 5. Bb5+ Nbd7 6. Nc3 a6 7. Ba4 b5 8. Bb3 Nb6 9. Nge2 Nbxd5 10. Nxd5 Nxd5 11. Ng3 Bg6 12. f4 e6 13. Qf3 c6 14. O-O Be7 15. f5 Bxf5 16. Nxf5 exf5 17. Qxf5 O-O 18. c3 Bf6 19. Bd2 Ra7 20. Rae1 Qd7 21. Qe4 Raa8 22. Bc2 g6 23. Qf3 Rae8 24. Bb3 Bg7 {(R)} 1/2-1/2

[Event "Brno Veletrh"]
[Site "?"]
[Date "2024.09.01"]
[Round "2"]
[White "Svobodova, Michaela"]
[Black "Pesa, Marek"]
[Result "1-0"]
[WhiteElo "1928"]
[BlackElo "1738"]
[PlyCount "51"]
[GameId "509062454639"]
[EventDate "2024.09.??"]

1. e4 e5 2. Nf3 Nc6 3. Nc3 Nf6 4. d4 exd4 5. Nxd4 Bc5 6. Be3 Nxd4 7. Bxd4 Bxd4 8. Qxd4 d6 9. O-O-O Be6 10. f4 Qe7 11. Bb5+ c6 12. Be2 d5 13. f5 c5 14. Bb5+ Kf8 15. Qe5 d4 16. fxe6 dxc3 17. Qxc3 Nxe4 18. Qf3 Qxe6 19. Kb1 g6 20. Rhf1 Kg7 21. Bd3 Nd6 {(R)} 22. Rde1 Qd7 23. Qf6+ Kg8 24. Re7 Qd8 25. Bc4 Qf8 26. Rxf7 1-0

[Event "Brno Veletrh"]
[Site "?"]
[Date "2024.09.01"]
[Round "2"]
[White "Marsa, Alexandr"]
[Black "Svabova, Klara"]
[Result "1-0"]
[WhiteElo "1971"]
[BlackElo "1220"]
[PlyCount "85"]
[GameId "509062489304"]
[EventDate "2024.09.??"]

1. d4 d5 2. c4 c6 3. Nc3 Nf6 4. e3 e6 5. Nf3 Nbd7 6. Bd3 Bb4 7. O-O O-O 8. Qc2 h6 9. b3 Bxc3 10. Qxc3 b6 11. cxd5 cxd5 12. Ba3 Re8 13. Qc6 Rb8 14. Rac1 Bb7 15. Qc7 Ne4 16. Bb5 Qxc7 17. Rxc7 Rec8 18. Rxd7 Rc2 19. Bd6 Nxd6 20. Rxd6 Rxa2 21. Ne5 Rc8 22. Rd7 Ba6 23. Rxa7 Bxb5 24. Rxa2 Bxf1 25. Kxf1 Rc1+ 26. Ke2 Rh1 27. Ra8+ Kh7 28. Nxf7 Rxh2 29. Kf3 Rh5 30. Rh8+ Kg6 31. Ne5+ Kf6 32. Rb8 Rf5+ 33. Ke2 Rg5 34. g3 h5 35. Rxb6 h4 36. gxh4 Rh5 37. Nd3 Rxh4 38. Nf4 Kf5 39. Rxe6 Rh8 40. Re5+ Kg4 41. f3+ Kg3 42. Rg5+ Kh4 43. Rg4# 1-0

[Event "Brno Veletrh"]
[Site "?"]
[Date "2024.09.01"]
[Round "2"]
[White "Lisik, Miroslav"]
[Black "Peskova, Sara"]
[Result "1/2-1/2"]
[WhiteElo "1855"]
[BlackElo "1591"]
[PlyCount "83"]
[GameId "509062524422"]
[EventDate "2024.09.??"]

1. e4 e5 2. Nf3 Nc6 3. Bb5 a6 4. Ba4 Nf6 5. O-O b5 6. Bb3 Be7 7. Re1 O-O 8. c3 Re8 9. h3 Bb7 10. d3 Bf8 11. Bg5 g6 12. Nbd2 Bg7 13. Nf1 d6 14. d4 exd4 15. cxd4 h6 16. Bxf6 Qxf6 17. Bd5 Rab8 18. Bxc6 Bxc6 19. d5 Bb7 20. Rb1 Re7 21. Qd3 Rbe8 22. Ng3 Qf4 23. Kf1 c6 24. b3 cxd5 25. exd5 Rxe1+ 26. Rxe1 Rxe1+ 27. Nxe1 Qc1 28. Ne4 Be5 29. g3 g5 30. Qf3 Kg7 31. Qd3 Qa1 32. Qd2 f5 33. f4 gxf4 34. gxf4 fxe4 35. Qg2+ Kf6 36. Qxe4 Bc3 37. Qe6+ Kg7 38. Qe7+ Kg6 39. Qe4+ Kf6 40. Qe6+ Kg7 41. Qe7+ Kg6 42. Qe4+ {(R)} 1/2-1/2

[Event "Brno Veletrh"]
[Site "?"]
[Date "2024.09.01"]
[Round "2"]
[White "Mikolas, Jakub"]
[Black "Klimus, Radek"]
[Result "1-0"]
[WhiteElo "1766"]
[BlackElo "1472"]
[PlyCount "119"]
[GameId "509062554817"]
[EventDate "2024.09.??"]

1. d4 d5 2. c4 c6 3. Nf3 g6 4. Nc3 Bg7 5. e3 Bg4 6. Qb3 Qb6 7. cxd5 Qxb3 8. axb3 Nf6 9. Ne5 Bf5 10. dxc6 Nxc6 11. Bb5 Rc8 12. Rxa7 O-O 13. Bxc6 bxc6 14. Na4 Rfe8 15. Nc5 Ne4 16. Ned3 e5 17. dxe5 Nxc5 18. Nxc5 Rxe5 19. b4 Rb8 20. Bd2 Rd8 21. Bc3 Red5 22. O-O Rd1 23. Ra1 Rxf1+ 24. Kxf1 Bc2 25. Ke2 Bf8 26. Nb7 Rd7 27. Na5 Bd3+ 28. Ke1 Bb5 29. Rc1 Be7 30. Nb3 Rd5 31. Nd4 Rg5 32. g3 c5 33. Nxb5 cxb4 34. Nd4 bxc3 35. bxc3 Rc5 36. c4 h5 37. Nb3 Rc6 38. c5 Kf8 39. Ke2 Ke8 40. Kd3 Kd7 41. Kc4 Kc7 42. Kb5 Rf6 43. Rc2 g5 44. c6 Rf5+ 45. Ka6 Bf6 46. Na5 Be7 47. Rb2 Bd8 48. Rb7+ Kc8 49. Nc4 Rf6 50. Kb5 Rf5+ 51. Kb4 Rf6 52. Kc5 Rf5+ 53. Kd4 Rf6 54. Rxf7 Rxc6 55. Rh7 h4 56. Kd5 Rf6 57. Nd6+ Kb8 58. Rb7+ Ka8 59. Rf7 Rxf7 60. Nxf7 1-0

[Event "Brno Veletrh"]
[Site "?"]
[Date "2024.09.01"]
[Round "2"]
[White "Kotisa, Jan"]
[Black "Slavik, Miroslav"]
[Result "1/2-1/2"]
[WhiteElo "1688"]
[BlackElo "1468"]
[PlyCount "75"]
[GameId "509062586811"]
[EventDate "2024.09.??"]

1. e4 d6 2. d4 g6 3. Nf3 Bg7 4. Be3 Nf6 5. Nc3 c6 6. Be2 Bg4 7. h3 Bxf3 8. Bxf3 Nbd7 9. Qd2 O-O 10. O-O e6 11. d5 exd5 12. exd5 c5 13. Bf4 Ne5 14. Bxe5 dxe5 15. Rfd1 Re8 16. Ne4 Nxe4 17. Bxe4 Qd6 {(R)} 18. c4 b6 19. Rab1 a5 20. a3 Reb8 21. b4 axb4 22. axb4 f5 23. bxc5 bxc5 24. Bc2 e4 25. Rxb8+ Rxb8 26. Rb1 Rxb1+ 27. Bxb1 Qb6 28. Ba2 Qb2 29. Qxb2 Bxb2 {(R)} 30. Bb1 Kf7 31. g4 Bd4 32. gxf5 gxf5 33. Kg2 Kg6 34. Kg3 Kg5 35. h4+ Kf6 36. Bc2 h6 37. f3 exf3 38. Kxf3 1/2-1/2

[Event "Brno Veletrh"]
[Site "?"]
[Date "2024.09.01"]
[Round "2"]
[White "Svagr, Daniel"]
[Black "Krasovskyi, Stanislav"]
[Result "0-1"]
[WhiteElo "1752"]
[BlackElo "1544"]
[PlyCount "44"]
[GameId "509062665018"]
[EventDate "2024.09.??"]

1. d4 d5 2. Nf3 Nc6 3. g3 Nf6 4. Bg2 Bg4 5. O-O e6 6. c4 dxc4 7. Qa4 Qd7 8. Rd1 O-O-O 9. Qxc4 e5 10. d5 Nxd5 11. Nxe5 Nxe5 12. Qxd5 Qxd5 13. Rxd5 Rxd5 14. Bxd5 Bxe2 15. f4 Nf3+ 16. Kf2 Nd4 17. Be3 Nc2 18. Kxe2 Nxa1 19. Kd2 Bb4+ 20. Kc1 Re8 21. Bd2 Bxd2+ 22. Kxd2 Rd8 0-1

[Event "Brno Veletrh"]
[Site "?"]
[Date "2024.09.01"]
[Round "2"]
[White "Bata, Jiri"]
[Black "Carbonai, Gabriele"]
[Result "1-0"]
[WhiteElo "1658"]
[BlackElo "1543"]
[PlyCount "91"]
[GameId "509062700545"]
[EventDate "2024.09.??"]

1. e4 e5 2. Bc4 Nf6 3. d3 d5 4. exd5 Nxd5 5. Ne2 Nc6 6. Nbc3 Bb4 7. Bd2 Nxc3 8. Nxc3 O-O 9. O-O a6 10. a3 Bc5 11. Ne4 Be7 12. f4 b5 13. Ba2 Bb7 14. f5 Bf6 15. Qg4 Kh8 16. Be3 Nd4 17. Qd1 Bc8 18. Bxd4 Qxd4+ 19. Rf2 Bxf5 20. Nxf6 gxf6 21. Kf1 Bg6 22. Rxf6 Kg7 23. Rc6 Qxb2 24. Bb3 Qd4 25. Rb1 Ra7 26. Qf3 f5 27. c3 Qd8 28. Qe3 e4 29. Rd1 f4 30. Qxa7 Qg5 31. Rxc7+ Kh6 32. Qd4 f3 33. g3 e3 34. Re1 e2+ 35. Kf2 Rf7 36. Rc5 Bf5 37. Qf4 Qxf4 38. gxf4 Bg4 39. Bd5 Rxf4 40. Rc6+ Kg5 41. Be4 Bh5 42. Rxa6 Rh4 43. Bxf3 Rxh2+ 44. Kg3 Bxf3 45. Kxh2 Kf4 46. Re6 1-0

[Event "Brno Veletrh"]
[Site "?"]
[Date "2024.09.01"]
[Round "2"]
[White "Cagan, Michal"]
[Black "Kubatova, Ema"]
[Result "0-1"]
[WhiteElo "1504"]
[BlackElo "1650"]
[PlyCount "96"]
[GameId "509062733003"]
[EventDate "2024.09.??"]

1. e4 c6 2. d4 d5 3. e5 Bf5 4. Nc3 e6 5. Nf3 Nd7 6. Bg5 Qc7 7. Be2 a6 8. O-O c5 9. Bf4 Ne7 10. dxc5 Nxc5 11. Nd4 Bg6 12. b4 Nd7 13. Nf3 Qxc3 14. Bd2 Qxc2 15. Qxc2 Bxc2 16. Rac1 Rc8 17. Bg5 Bg6 18. Rxc8+ Nxc8 19. Rc1 Ncb6 20. b5 Bc5 21. bxa6 bxa6 22. Bxa6 O-O 23. Rxc5 Nxc5 24. Be7 Nxa6 25. Bxf8 Kxf8 26. Kf1 Bb1 27. a3 Nc4 28. Ke2 Nxa3 29. Ke3 Be4 30. Kd4 Bxf3 31. gxf3 Ke7 32. Kc3 Nc4 33. f4 Kd7 34. h4 h5 35. f3 Kc6 36. Kd4 f6 37. exf6 gxf6 38. Kd3 Kc5 39. Kc3 e5 40. fxe5 fxe5 41. Kd3 Nb2+ 42. Kc2 Kc4 43. Kxb2 Kd3 44. Kc1 Ke2 45. Kc2 d4 46. Kc1 d3 47. Kb2 d2 48. Kc3 d1=Q 0-1

[Event "Brno Veletrh"]
[Site "?"]
[Date "2024.09.01"]
[Round "2"]
[White "Daniel, Antonin"]
[Black "Rampulova, Marketa"]
[Result "1-0"]
[WhiteElo "1648"]
[BlackElo "1510"]
[PlyCount "85"]
[GameId "509062774353"]
[EventDate "2024.09.??"]

1. e4 e5 2. Nf3 Nc6 3. a3 Nf6 4. Nc3 a6 5. Bc4 Nxe4 6. Bxf7+ Kxf7 7. Nxe4 Be7 8. d3 h6 9. b4 d5 10. Ng3 Rf8 11. Bb2 d4 12. h3 Kg8 13. O-O Be6 14. Qe2 Qd5 15. Qe4 Qxe4 16. Nxe4 Bxh3 17. Nxe5 Nxe5 18. gxh3 Nf3+ 19. Kg2 Rad8 20. Rad1 Nh4+ 21. Kh1 Rf3 22. Kh2 Bd6+ 23. Nxd6 Rxd6 24. Rd2 Rg6 25. Rg1 Rxg1 26. Kxg1 Rxh3 27. Kf1 Nf5 28. Kg2 Rh5 29. Re2 b6 30. Re8+ Kf7 31. Rc8 Rg5+ 32. Kf1 c5 33. bxc5 bxc5 34. Ra8 Rg6 35. a4 Rc6 36. c3 Kg6 37. c4 Kh7 38. Rb8 Rf6 39. Kg2 Rg6+ 40. Kh3 Rc6 41. a5 Ne3 42. fxe3 dxe3 43. Re8 1-0

[Event "Brno Veletrh"]
[Site "?"]
[Date "2024.09.01"]
[Round "2"]
[White "Hradek, Martin"]
[Black "Levchenko, Alisa"]
[Result "0-1"]
[WhiteElo "1429"]
[BlackElo "1638"]
[PlyCount "58"]
[GameId "509062808261"]
[EventDate "2024.09.??"]

1. f4 d5 2. e4 dxe4 3. d3 Nf6 4. Nc3 Bf5 5. g3 exd3 6. cxd3 c6 7. Be2 h5 8. Be3 e6 9. Qb3 Qc7 10. O-O-O Nbd7 11. Nf3 Bc5 12. d4 Bb6 13. Ne5 Nxe5 14. fxe5 Nd5 15. Nxd5 cxd5+ 16. Qc3 Rc8 17. Bb5+ Ke7 18. Qxc7+ Rxc7+ 19. Kd2 Ba5+ 20. Ke2 Rc2+ 21. Kf3 Be4+ 22. Kf4 Bxh1 23. Rxh1 Rhc8 24. Kg5 Rxb2 25. Bd3 Rxa2 26. Kxh5 Ra3 27. Rf1 Rxd3 28. Bg5+ Kf8 29. Rb1 b6 0-1

[Event "Brno Veletrh"]
[Site "?"]
[Date "2024.09.01"]
[Round "2"]
[White "Nisztuk, Michal"]
[Black "Berdnikov, Tsyren"]
[Result "1-0"]
[WhiteElo "1637"]
[BlackElo "1422"]
[PlyCount "65"]
[GameId "509062842754"]
[EventDate "2024.09.??"]

1. e4 e5 2. Bc4 Nf6 3. d4 Nxe4 4. dxe5 Bc5 5. Bxf7+ Kxf7 6. Qd5+ Ke8 7. Qxe4 Rf8 8. Nf3 Nc6 9. O-O b6 10. Qxh7 Qe7 11. Bg5 Qf7 12. Nc3 Ba6 13. Rfe1 Nd4 14. Qe4 Nxf3+ 15. gxf3 Rc8 16. e6 dxe6 17. Qc6+ Qd7 18. Rxe6+ Kf7 19. Qxd7+ Kg8 20. Bh6 Rf7 21. Qd5 Bf8 22. Be3 c6 23. Qh5 Bc4 24. Re4 g6 25. Qh3 Bd5 26. Nxd5 cxd5 27. Rh4 Bg7 28. Qxc8+ Rf8 29. Qe6+ Rf7 30. Rf4 Bf6 31. Rxf6 Kh8 32. Rxf7 g5 33. Qe8# 1-0

[Event "Brno Veletrh"]
[Site "?"]
[Date "2024.09.01"]
[Round "2"]
[White "Peska, Radek"]
[Black "Horak, Hanus"]
[Result "0-1"]
[WhiteElo "1415"]
[BlackElo "1624"]
[PlyCount "110"]
[GameId "509062875679"]
[EventDate "2024.09.??"]

1. Nf3 d6 2. d4 g6 3. b3 Nf6 4. Bb2 Bg7 5. Nbd2 Nbd7 6. c4 c5 7. d5 a6 8. e4 b5 9. Bd3 bxc4 10. Nxc4 a5 11. a4 O-O 12. O-O Nb6 13. Re1 Bg4 14. Nxb6 Qxb6 15. Bc4 e6 16. h3 exd5 17. exd5 Bf5 18. g4 Bd7 19. Qd3 Rfe8 20. Kf1 Rab8 21. Ng5 Rxe1+ 22. Kxe1 Re8+ 23. Kf1 h6 24. Nf3 h5 25. Bxf6 Bxf6 26. Re1 Rxe1+ 27. Nxe1 hxg4 28. hxg4 Bxg4 29. Qg3 Bf5 30. f4 Qd8 31. Nf3 Qe7 32. Ng5 Bxg5 33. fxg5 Qe5 34. Qxe5 dxe5 35. Kf2 Kf8 36. d6 Ke8 37. Bb5+ Bd7 38. Ke3 Bxb5 39. axb5 Kd7 40. Ke4 Kxd6 41. b6 Kc6 42. Kxe5 Kxb6 43. Kf6 c4 44. bxc4 a4 45. Kxf7 a3 46. Kxg6 a2 47. Kh7 a1=Q 48. g6 Qh1+ 49. Kg8 Kc5 50. g7 Kxc4 51. Kf7 Qf3+ 52. Ke8 Qh5+ 53. Kf8 Qf5+ 54. Ke8 Qg6+ 55. Kf8 Qf6+ 0-1

[Event "Brno Veletrh"]
[Site "?"]
[Date "2024.09.01"]
[Round "2"]
[White "Prihoda, Josef"]
[Black "Pecenka, Petr"]
[Result "1-0"]
[WhiteElo "1624"]
[BlackElo "1495"]
[PlyCount "67"]
[GameId "509062910469"]
[EventDate "2024.09.??"]

1. e4 c5 2. Nf3 d6 3. c3 Nf6 4. Be2 Nxe4 5. Qa4+ Nc6 6. Qxe4 d5 7. Qa4 Bd7 8. Qb3 Bc8 9. Bb5 c4 10. Bxc6+ bxc6 11. Qa4 Qc7 12. O-O e5 13. Nxe5 Bd7 14. Re1 Be7 15. Nxd7 Kxd7 16. b3 h5 17. bxc4 d4 18. Ba3 Bf6 19. cxd4 Rae8 20. Nc3 Bxd4 21. Qc2 Qf4 22. Rf1 Be5 23. Qd3+ Kc7 24. Qg3 Qxc4 25. Qf3 f6 26. Rac1 Rd8 27. Ne4 Qb5 28. Rc5 Qa4 29. Rfc1 Rd4 30. Rxc6+ Qxc6 31. Rxc6+ Kxc6 32. Nxf6+ Kb5 33. Qb7+ Kc4 34. Qb3# 1-0

[Event "Brno Veletrh"]
[Site "?"]
[Date "2024.09.01"]
[Round "2"]
[White "Hlinka, Vit"]
[Black "Poruban, Tomas"]
[Result "1-0"]
[WhiteElo "1101"]
[BlackElo "1588"]
[PlyCount "123"]
[GameId "509062973523"]
[EventDate "2024.09.??"]

1. e4 e5 2. Nf3 Nc6 3. Bb5 Nge7 4. O-O g6 5. c3 Bg7 6. d4 a6 7. Bc4 O-O 8. Bg5 exd4 9. cxd4 d6 10. Re1 Bg4 11. Qd3 Bxf3 12. Qxf3 Nxd4 13. Qd3 Qd7 14. Bh6 Bxh6 15. Qxd4 Bg7 16. e5 Nc6 17. Qd5 Nxe5 18. Bb3 Qc6 19. Nc3 Qxd5 20. Nxd5 c6 21. Nc3 Nd3 22. Re2 Nxb2 23. Ne4 Rfe8 24. Rae1 Nd3 25. Nf6+ Bxf6 26. Rxe8+ Rxe8 27. Rxe8+ Kg7 28. Re2 Nf4 29. Rd2 d5 30. f3 Bd4+ 31. Kf1 Bb6 32. g3 Nh3 33. Rb2 Bd4 34. Rd2 Be3 35. Re2 d4 36. f4 Ng1 37. Rxe3 dxe3 38. Kxg1 b5 39. Kf1 c5 40. Ke2 c4 41. Bc2 Kf6 42. Kxe3 Ke6 43. Kd4 Kd6 44. f5 a5 45. fxg6 hxg6 46. a4 bxa4 47. Bxa4 c3 48. Kxc3 Ke5 49. Bc2 f5 50. h4 a4 51. Bxa4 Ke4 52. Be8 Kf3 53. Bxg6 Kxg3 54. h5 f4 55. h6 f3 56. h7 f2 57. Bd3 Kg2 58. h8=Q Kg1 59. Qh3 f1=Q 60. Qxf1+ Kh2 61. Qf2+ Kh3 62. Bf5# 1-0

[Event "Brno Veletrh"]
[Site "?"]
[Date "2024.09.02"]
[Round "3"]
[White "Vyskocil, Neklan"]
[Black "Setina, Vaclav"]
[Result "1/2-1/2"]
[WhiteElo "2289"]
[BlackElo "2021"]
[PlyCount "59"]
[GameId "2085363834655446"]
[EventDate "2024.09.??"]

1. c4 c5 2. Nf3 e6 3. g3 d5 4. cxd5 exd5 5. d4 Nc6 6. Bg2 Nf6 7. O-O Be6 8. Nc3 Be7 9. b3 O-O 10. Bb2 b6 11. Rc1 Rc8 12. dxc5 bxc5 13. Ng5 Nd7 14. Nxe6 fxe6 15. Bh3 Nd4 16. e3 Nf3+ 17. Kg2 Rc6 18. Nxd5 Rd6 19. Nxe7+ Qxe7 20. Qe2 Rd2 21. Qc4 Ng5 22. Bc3 Rxa2 23. Bg4 Nb6 24. Qd3 Qb7+ 25. Kg1 h5 26. h4 hxg4 27. hxg5 Qf3 28. Rc2 Rxc2 29. Qxc2 Nd5 30. Bd2 {(R)} 1/2-1/2

[Event "Brno Veletrh"]
[Site "?"]
[Date "2024.09.02"]
[Round "3"]
[White "Novotny, David"]
[Black "Hajek, Oskar"]
[Result "1/2-1/2"]
[WhiteElo "1967"]
[BlackElo "2281"]
[PlyCount "98"]
[EventDate "2024.09.??"]

1. Nf3 d5 2. d4 Nf6 3. c3 e6 4. Bf4 c5 5. e3 Nc6 6. Nbd2 Qb6 7. Qb3 c4 8. Qc2
Nh5 9. Bg5 h6 10. Bh4 g5 11. Bg3 Nxg3 12. hxg3 Bg7 13. b3 cxb3 14. axb3 Bd7 15.
Be2 Rc8 16. O-O O-O 17. Rfc1 e5 18. dxe5 Nxe5 19. Nd4 f5 20. Qa2 a6 21. b4 Qd6
22. e4 f4 23. gxf4 Rxf4 24. Qxd5+ Qxd5 25. exd5 Ng6 26. N2b3 Bf8 27. g3 {(R)}
Rf6 28. Ne6 Bxe6 29. dxe6 Ne5 30. Nd4 g4 31. Rc2 Bd6 32. Ra5 Kf8 33. Rd5 Ke7
34. c4 Rcf8 35. c5 Bb8 36. Bd1 h5 37. Rd2 h4 38. gxh4 Rg8 39. Bc2 g3 40. Nf5+
Rxf5 41. Bxf5 Nf3+ 42. Kg2 Nxh4+ 43. Kg1 Nf3+ 44. Kg2 Nh4+ 45. Kg1 {(R)} Nf3+
46. Kg2 Ne1+ 47. Kg1 g2 48. Rd7+ Kf6 49. Rf7+ Kg5 {(R)} 1/2-1/2

[Event "Brno Veletrh"]
[Site "?"]
[Date "2024.09.02"]
[Round "3"]
[White "Pribyl, Rene"]
[Black "Kladnak, Martin"]
[Result "1/2-1/2"]
[WhiteElo "1944"]
[BlackElo "2054"]
[PlyCount "46"]
[EventDate "2024.09.??"]

1. d4 Nf6 2. c4 g6 3. Nc3 d5 4. cxd5 Nxd5 5. e4 Nxc3 6. bxc3 Bg7 7. Be3 O-O 8.
Bc4 c5 9. Ne2 Nc6 10. O-O Bg4 11. f3 Na5 12. Bxf7+ Rxf7 13. fxg4 Rxf1+ 14. Kxf1
Qd6 15. e5 Qe6 16. h3 Nc4 17. Qd3 Rd8 18. Qe4 cxd4 19. cxd4 Nxe3+ 20. Qxe3 Qc4
21. Kg1 e6 22. a3 b5 23. Rc1 Qa4 1/2-1/2

[Event "Brno Veletrh"]
[Site "?"]
[Date "2024.09.02"]
[Round "3"]
[White "Pokorny, Petr"]
[Black "Svobodova, Michaela"]
[Result "1/2-1/2"]
[WhiteElo "2140"]
[BlackElo "1928"]
[PlyCount "49"]
[EventDate "2024.09.??"]

1. d4 d5 2. c4 c6 3. Nc3 Nf6 4. cxd5 cxd5 5. Bf4 Nc6 6. e3 a6 7. Bd3 Bg4 8.
Nge2 e6 9. O-O Be7 10. Rc1 O-O 11. h3 Bh5 12. Na4 Rc8 13. Nc5 Bxc5 14. Rxc5 Bg6
15. a3 Nd7 16. Rc3 Nb6 17. Bxg6 hxg6 18. Qb3 Na5 19. Rxc8 Nxc8 20. Qb4 Qb6 21.
Qxb6 Nxb6 22. Bc7 Nbc4 23. Bxa5 Nxa5 24. Rc1 Nc4 25. Rc2 {(R)} 1/2-1/2

[Event "Brno Veletrh"]
[Site "?"]
[Date "2024.09.02"]
[Round "3"]
[White "Kuchar, Matej"]
[Black "Luc, Martin"]
[Result "0-1"]
[WhiteElo "2048"]
[BlackElo "1822"]
[PlyCount "78"]
[EventDate "2024.09.??"]

1. e4 c5 2. Nf3 Nc6 3. d4 cxd4 4. Nxd4 e5 5. Nb5 d6 6. N1c3 a6 7. Na3 Be6 8.
Nc4 Rb8 9. a4 Nb4 10. Be2 Qc7 11. Ne3 Nf6 12. O-O Be7 13. Ncd5 Nbxd5 14. exd5
Bd7 15. a5 O-O 16. Kh1 Rbc8 {(R)} 17. c4 b6 18. b4 Ne4 19. Bd3 f5 20. Qc2 b5
21. cxb5 Qb8 22. Qb3 Rc3 23. Qb1 Rxd3 24. Qxd3 Bxb5 25. Qd1 Bxf1 26. Qxf1 Qxb4
27. Ba3 Qd4 28. Kg1 Nxf2 29. Nc2 Nh3+ 30. Kh1 Qxd5 31. Nb4 Qe4 {(R)} 32. Re1
Qb7 33. Qc4+ d5 34. Nxd5 Bxa3 35. Nb6+ Kh8 36. Qc3 Nf4 37. Rg1 Bd6 38. Qd2 Bc5
39. Rc1 Be3 0-1

[Event "Brno Veletrh"]
[Site "?"]
[Date "2024.09.02"]
[Round "3"]
[White "Pavlik, Vladimir"]
[Black "Sknouril, Jakub"]
[Result "1/2-1/2"]
[WhiteElo "1975"]
[BlackElo "1771"]
[PlyCount "114"]
[EventDate "2024.09.??"]

1. e4 e5 2. Nf3 Nf6 3. Nc3 Bb4 4. Nxe5 O-O 5. Be2 Re8 6. Nd3 Bxc3 7. dxc3 Nxe4
8. O-O Nc6 9. Bf3 d6 10. Re1 Bf5 11. h3 Qh4 12. Bg4 Bxg4 13. Qxg4 Qxg4 14. hxg4
Nf6 {(R)} 15. f3 Rxe1+ 16. Nxe1 Nd5 17. Bd2 Re8 18. Kf2 Ne5 19. b3 Ng6 20. Nd3
Ne5 21. Nb2 Ng6 22. g3 Ne5 23. Nd1 Re6 24. c4 Nb6 25. Ne3 Nc6 26. Bc3 Re8 27.
Rd1 Rd8 28. a4 Nd7 29. Nd5 Rc8 30. f4 Nb6 31. Ne3 Rd8 32. a5 Nd7 33. Nd5 Nc5
34. Re1 f5 35. gxf5 Rd7 36. Kf3 Kf7 37. f6 g6 38. Rh1 Kf8 39. Ne3 Rf7 40. g4
Ne6 41. Rd1 g5 42. fxg5 Nxg5+ 43. Kf4 Nh3+ 44. Kg3 Ng5 45. Kf4 Nh3+ 46. Ke4
Nf2+ 47. Kf5 Nxd1 48. Nxd1 Ke8 49. Nf2 Kd7 50. Ne4 Ne7+ 51. Kg5 Ng6 52. Kh6 Ne5
53. Bxe5 dxe5 54. g5 Ke8 55. g6 hxg6 56. Kxg6 Rd7 57. Ng5 Kf8 1/2-1/2

[Event "Brno Veletrh"]
[Site "?"]
[Date "2024.09.02"]
[Round "3"]
[White "Klinkovsky, Vojtech"]
[Black "Marsa, Alexandr"]
[Result "0-1"]
[WhiteElo "1699"]
[BlackElo "1971"]
[PlyCount "24"]
[EventDate "2024.09.??"]

1. e4 e6 2. Nf3 d5 3. e5 c5 4. b4 cxb4 5. a3 bxa3 6. d4 Bd7 7. c3 b5 8. Nxa3 b4
9. Nb5 Qb6 10. Qd3 a6 11. c4 dxc4 12. Qxc4 axb5 0-1

[Event "Brno Veletrh"]
[Site "?"]
[Date "2024.09.02"]
[Round "3"]
[White "Mikolas, Jakub"]
[Black "Wunsch, Radek"]
[Result "1/2-1/2"]
[WhiteElo "1766"]
[BlackElo "1956"]
[PlyCount "64"]
[GameId "2085320431394916"]
[EventDate "2024.09.??"]

1. d4 Nf6 2. c4 c5 3. d5 e5 4. Nc3 d6 5. e4 Be7 6. Nf3 Nbd7 7. Bd3 Nf8 8. O-O Ng6 9. a3 O-O 10. b4 b6 11. Bd2 Nh5 12. Ne1 Nhf4 13. Ne2 Nxd3 14. Nxd3 f5 15. Nc3 Bg5 16. f3 Bxd2 17. Qxd2 f4 18. bxc5 bxc5 19. Rab1 Rf6 20. Rf2 Nf8 21. Qd1 Nd7 22. Rfb2 Nb6 23. Qb3 Ba6 24. Nb5 g5 25. Nf2 h5 26. h3 Rf7 27. a4 Rb7 28. a5 Nc8 29. Qc3 Rab8 30. Rb3 Qd7 31. Qd3 Qd8 32. Qc3 Qd7 1/2-1/2

[Event "Brno Veletrh"]
[Site "?"]
[Date "2024.09.02"]
[Round "3"]
[White "Lisik, Miroslav"]
[Black "Vacekova, Anita"]
[Result "0-1"]
[WhiteElo "1855"]
[BlackElo "1747"]
[PlyCount "54"]
[EventDate "2024.09.??"]

1. e4 e5 2. Nf3 Nc6 3. Bb5 a6 4. Ba4 Nf6 5. O-O Be7 6. Re1 b5 7. Bb3 O-O 8. a4
Bb7 9. d3 d6 10. Bd2 b4 11. c3 a5 12. cxb4 Nxb4 13. Bxb4 axb4 14. d4 Nxe4 15.
Qc2 Ng5 16. Nxg5 Bxg5 17. dxe5 Bf4 18. e6 fxe6 19. Bxe6+ Kh8 20. Bh3 Qh4 21.
Qe2 Be5 22. Nd2 Bd4 23. Rf1 Rf4 24. Rae1 Raf8 25. Kh1 Qxh3 26. f3 Qh6 27. Qb5
Rh4 0-1

[Event "Brno Veletrh"]
[Site "?"]
[Date "2024.09.02"]
[Round "3"]
[White "Levchenko, Alisa"]
[Black "Neduchal, Jiri"]
[Result "0-1"]
[WhiteElo "1638"]
[BlackElo "1866"]
[PlyCount "150"]
[EventDate "2024.09.??"]

1. d4 b6 2. c4 Bb7 3. Nf3 e6 4. g3 Nf6 5. Bg2 c5 6. Be3 d6 7. Nc3 Be7 8. O-O
O-O 9. Qb3 Nc6 10. a3 Qc8 11. Rfd1 Na5 12. Qa2 cxd4 13. Bxd4 Qxc4 14. Bxf6 Bxf6
15. Rxd6 Qxa2 16. Rxa2 Rad8 17. Nb5 Ba6 18. a4 Rxd6 19. Nxd6 Rd8 20. Ne4 Rd1+
21. Bf1 Bxe2 22. Nfd2 Nb3 23. Nxb3 Bxf1 24. Nxf6+ gxf6 25. Ra1 Be2+ 26. Kg2 Rd3
27. Nc1 Bf3+ 28. Kh3 Rd2 29. Ra3 Bd5 30. Nd3 Be4 31. Nf4 Rxf2 32. Nh5 Bg6 33.
Nf4 Rxb2 34. Rc3 Rc2 35. Rf3 Kg7 36. Rb3 Bf5+ 37. g4 Bg6 38. Kg3 Ra2 39. Rc3 e5
40. Nd5 Rxa4 41. Rc7 b5 42. Rb7 Be4 43. Rxb5 Bxd5 44. Rxd5 a5 45. Rd7 Rd4 46.
Ra7 a4 47. h3 Kg6 48. Kh4 f5 49. Ra6+ f6 50. Kg3 fxg4 51. hxg4 Kg5 52. Ra8
Rxg4+ 53. Kf3 Rf4+ 54. Ke3 h5 55. Rg8+ Kh4 56. Rg2 Kh3 57. Rg1 h4 58. Rh1+ Kg2
59. Rd1 Rf2 60. Ra1 a3 61. Ke4 a2 62. Kd5 h3 63. Ke6 h2 64. Kd5 h1=Q 65. Rxh1
Kxh1 66. Ke6 a1=Q 67. Kf7 Qa6 68. Kg6 f5+ 69. Kg5 Rg2+ 70. Kxf5 Qf1+ 71. Kxe5
Re2+ 72. Kd4 Qd1+ 73. Kc3 Rc2+ 74. Kb3 Qb1+ 75. Ka4 Ra2# 0-1

[Event "Brno Veletrh"]
[Site "?"]
[Date "2024.09.02"]
[Round "3"]
[White "Rehurek, Karel"]
[Black "Nisztuk, Michal"]
[Result "1-0"]
[WhiteElo "1851"]
[BlackElo "1637"]
[PlyCount "97"]
[EventDate "2024.09.??"]

1. e4 e5 2. Nf3 Nc6 3. Bc4 Nf6 4. Ng5 d5 5. exd5 Nd4 6. c3 Nf5 7. Qe2 Bd6 8.
Ne4 O-O 9. O-O Nxe4 10. Qxe4 Ne7 11. Bb3 f5 12. Qe2 e4 13. f3 exf3 14. Qxf3 Kh8
15. d4 Ng6 16. Nd2 b5 17. a4 b4 18. Nc4 bxc3 19. bxc3 Ba6 20. Rf2 Rb8 21. Na5
Rxb3 22. Nxb3 Bc4 23. Nc5 Bxd5 24. Qd3 Qh4 25. Qh3 Qe7 26. Bd2 f4 27. Re1 Qg5
28. Ne6 Bxe6 29. Rxe6 Ne7 30. Re4 Qd5 31. Qe6 Qh5 32. Qc4 Qd1+ 33. Qf1 Qxa4 34.
Bxf4 Qc6 35. Re3 Kg8 36. Bxd6 Rxf2 37. Qxf2 Qxd6 38. Qa2+ Kh8 39. Qxa7 h6 40.
Qa8+ Kh7 41. Qe4+ Ng6 42. c4 Qa6 43. c5 Qa1+ 44. Kf2 h5 45. Rh3 Qa2+ 46. Kg3
Qb3+ 47. Qf3 Qc4 48. Rxh5+ Kg8 49. Qd5+ 1-0

[Event "Brno Veletrh"]
[Site "?"]
[Date "2024.09.02"]
[Round "3"]
[White "Krystl, Jaromir"]
[Black "Prihoda, Josef"]
[Result "1/2-1/2"]
[WhiteElo "1799"]
[BlackElo "1624"]
[PlyCount "67"]
[EventDate "2024.09.??"]

1. e4 c5 2. Nf3 a6 3. d3 Nc6 4. g3 g6 5. Bg2 Bg7 6. Nc3 e6 7. O-O Nge7 8. Re1
O-O 9. Bg5 h6 10. Bf4 b6 11. Qd2 Kh7 12. Bd6 Bb7 13. e5 Re8 14. Ne4 Nd5 15. a3
f5 16. exf6 Nxf6 17. Ne5 Nxe5 18. Nxf6+ Bxf6 19. Bxb7 Ra7 20. Bxe5 Rxb7 21. Qf4
Bxe5 22. Rxe5 Rf8 23. Qe4 Rb8 24. Qc4 Qf6 25. f4 g5 26. Qe4+ Qg6 27. fxg5 Qxe4
28. Rxe4 hxg5 29. Rf1 Kg6 30. b4 Rxf1+ 31. Kxf1 Rc8 32. c4 Kf5 33. g4+ Kf6 34.
bxc5 1/2-1/2

[Event "Brno Veletrh"]
[Site "?"]
[Date "2024.09.02"]
[Round "3"]
[White "Horak, Hanus"]
[Black "Kubatova, Beta"]
[Result "1/2-1/2"]
[WhiteElo "1624"]
[BlackElo "1775"]
[PlyCount "68"]
[EventDate "2024.09.??"]

1. d4 Nf6 2. c4 e6 3. Nc3 Bb4 4. Bd2 O-O 5. e3 d6 6. Nge2 b6 7. a3 Bxc3 8. Nxc3
Bb7 9. Qc2 Nbd7 10. Bd3 Bxg2 11. Rg1 Bb7 12. e4 Kh8 13. O-O-O e5 14. d5 c5 15.
Rg2 Rg8 16. Rdg1 Nf8 17. f4 exf4 18. Bxf4 Ng6 19. Bg3 Nh5 20. Rf2 Qe7 21. e5
dxe5 22. Bxg6 fxg6 23. Qe4 Nxg3 24. Rxg3 Rgf8 25. Rxf8+ Rxf8 26. d6 Rf1+ 27.
Kd2 Qxd6+ 28. Rd3 Qf8 29. Qxb7 Qf2+ 30. Ne2 Qe1+ 31. Ke3 Qf2+ 32. Kd2 Qe1+ 33.
Ke3 Qf2+ 34. Kd2 Qe1+ 1/2-1/2